LEADER 01222nam a22003131i 4500 001 991000388069707536 005 20040824125950.0 008 040920s2000 it ita 020 $a8823805864 035 $ab13213398-39ule_inst 035 $aARCHE-115963$9ExL 040 $aSet. Economia$bita$cA.t.i. Arché s.c.r.l. Pandora Sicilia s.r.l. 082 04$a332.1028 245 00$aInternet banking :$btecnologia, organizzazione e valutazioni economiche /$cS. Baio ... [et al.] ; a cura di Giampio Bracchi, Chiara Francalanci, Marco Giorgino 260 $aMilano :$bEGEA,$cc2000 300 $a232 p. ;$c24 cm 490 $aNew trends 500 $aIn testa al front.: MIP Politecnico di Milano - Caridata SpA 650 4$aInternet$xImpiego nelle banche 700 1 $aBracchi, Giampio 700 1 $aGiorgino, Marco 700 1 $aFrancalanci, Chiara 700 1 $aBaio, Samuele 907 $a.b13213398$b22-05-18$c23-09-04 912 $a991000388069707536 945 $aLE025 ECO 332.1 BRA02.02$g1$i2025000161979$lle025$nCatalogato 2018$o-$pE0.00$q-$rl$s- $t0$u2$v0$w2$x0$y.i13868767$z23-09-04 996 $aInternet banking$968120 997 $aUNISALENTO 998 $ale025$b23-09-04$cm$da $e-$fita$git $h0$i1 LEADER 01439nam0 22003131i 450 001 UON00502560 005 20231205105421.301 010 $a978-38-675-7666-6 100 $a20200207d2019 |0itac50 ba 101 $ager 102 $aDE 105 $a|||| ||||| 200 1 $aMittelalterlichen Fundmünzen und Gewichte vom Monte Iato auf Sizilien$edie Grabungskampagnen 1971-2008$fChristian Weiss 210 $aRahden$cVML Verlag Marie Leidorf$d2019 215 $a338 p., 52 p. di tav.$cill.$d31 cm 316 $aUniversitat Zurich$5IT-UONSI N 2PALERMO002 410 1$1001UON00502562$12001 $aStudia Ietina$v11 410 1$1001UON00502563$12001 $aZürcher Archäologische Forschungen$v6 606 $aSCAVI ARCHEOLOGICI$xIaitas$x1971-2008$3UONC096504$2FI 620 $aDE$dRahden (Westf.)$3UONL002532 676 $a937.82$cSTORIA GENERALE DEL MONDO ANTICO. PENISOLA ITALIANA E TERRITORI LIMITROFI FINO AL 476$v22 700 1$aWEISS$bChristian$3UONV227945$0716384 712 $aLeidorf$3UONV260318$4650 801 $aIT$bSOL$c20240220$gRICA 899 $aSIBA - SISTEMA BIBLIOTECARIO DI ATENEO$2UONSI 912 $aUON00502560 950 $aSIBA - SISTEMA BIBLIOTECARIO DI ATENEO$dSI N 2 PALERMO 002 $eSI 34788 7 Universitat Zurich 996 $aMittelalterlichen Fundmünzen und Gewichte vom Monte Iato auf Sizilien$91577134 997 $aUNIOR